000 00922nam a22003017a 4500
003 CHAP
005 20220329141522.0
008 971013s1988 r 00010 d
010 _a69458
011 _a70430
035 _a79911
040 _cCHAP
090 _aFolleto 12341
110 _aProductora Nacional de Semillas. México
_991893
245 _aMaíz gane con esta variedad Huamantla V-23
260 _aMéxico :
_bLa Productora,
_c[1988?]
300 _a2 p.
500 _a34-112
590 _aBATCH-UPD
_b10
_c20130110
_lUCH01
_h2035
590 _aBATCH-UPD
_b10
_c20130410
_lUCH01
_h1351
590 _aBATCH-UPD
_b10
_c20130914
_lUCH01
_h1754
590 _aCONVERSION
_b10
_c20130109
_lUCH01
_h1338
650 1 4 _aMaíz
_xVariedades.
_971081
901 _aBK
942 _cFOLL
949 _aFolleto 12341
_bBC
_cFOLL
_d-32801
_eTS1
_i79911
_mD
_si
949 _aFolleto 12341
_bBC
_cFOLL
_d-98551
_eTS2
_fc.2
_i79911
_mD
_si
999 _c69458
_d69458